[Event "Blitz 2018"]
[Site "Saint-Petersburg"]
[Date "2018.12.29"]
[Round "12"]
[Board "75"]
[White "Levin Evgeny A. (RUS)"]
[Black "Steinberg Nitzan (ISR)"]
[Result "1-0"]
[LiveChessVersion "1.4.8"]
[BlackElo "2447"]
[WhiteElo "2539"]

1. d4 {[%clk 0:03:03]} Nf6 {[%clk 0:03:03]} 2. Nf3 {[%clk 0:03:04]} d5
{[%clk 0:03:04]} 3. Bg5 {[%clk 0:03:03]} Ne4 {[%clk 0:03:01]} 4. Bf4
{[%clk 0:03:04]} c5 {[%clk 0:02:46]} 5. c3 {[%clk 0:03:05]} Nc6 {[%clk 0:02:46]}
6. e3 {[%clk 0:03:05]} g6 {[%clk 0:02:36]} 7. Nbd2 {[%clk 0:03:05]} Nxd2
{[%clk 0:02:35]} 8. Qxd2 {[%clk 0:03:04]} Bg7 {[%clk 0:02:32]} 9. Be2
{[%clk 0:03:01]} O-O {[%clk 0:02:30]} 10. O-O {[%clk 0:03:01]} b6
{[%clk 0:02:23]} 11. Rfd1 {[%clk 0:02:52]} e6 {[%clk 0:02:24]} 12. dxc5
{[%clk 0:02:35]} bxc5 {[%clk 0:02:24]} 13. c4 {[%clk 0:02:36]} d4
{[%clk 0:02:22]} 14. exd4 {[%clk 0:02:30]} cxd4 {[%clk 0:02:21]} 15. b4
{[%clk 0:02:08]} e5 {[%clk 0:02:12]} 16. Bh6 {[%clk 0:02:02]} f6 {[%clk 0:01:43]}
17. Bxg7 {[%clk 0:01:52]} Kxg7 {[%clk 0:01:46]} 18. b5 {[%clk 0:01:53]} Ne7
{[%clk 0:01:47]} 19. c5 {[%clk 0:01:29]} Be6 {[%clk 0:01:45]} 20. c6
{[%clk 0:01:23]} Qd6 {[%clk 0:01:37]} 21. a4 {[%clk 0:01:15]} Rfd8
{[%clk 0:01:32]} 22. Rdc1 {[%clk 0:00:50]} Rac8 {[%clk 0:01:32]} 23. Bc4
{[%clk 0:00:48]} Nd5 {[%clk 0:01:17]} 24. Bxd5 {[%clk 0:00:39]} Qxd5
{[%clk 0:01:15]} 25. Qa5 {[%clk 0:00:37]} e4 {[%clk 0:01:10]} 26. Qxa7+
{[%clk 0:00:34]} Kg8 {[%clk 0:01:11]} 27. Nxd4 {[%clk 0:00:20]} Qxd4
{[%clk 0:00:55]} 28. Qxd4 {[%clk 0:00:21]} Rxd4 {[%clk 0:00:56]} 29. b6
{[%clk 0:00:22]} Rb4 {[%clk 0:00:51]} 30. a5 {[%clk 0:00:20]} Bd5
{[%clk 0:00:34]} 31. b7 {[%clk 0:00:16]} Rc7 {[%clk 0:00:26]} 32. Rcb1
{[%clk 0:00:12]} Bb3 {[%clk 0:00:21]} 33. a6 {[%clk 0:00:07]} Rxc6 34. a7 1-0

[Event "Blitz 2018"]
[Site "Saint-Petersburg"]
[Date "2018.12.29"]
[Round "12"]
[Board "76"]
[White "Petrov Nikita (RUS)"]
[Black "Iljin Artem (RUS)"]
[Result "1-0"]
[LiveChessVersion "1.4.8"]
[BlackElo "2525"]
[WhiteElo "2468"]

1. e4 {[%clk 0:03:03]} c5 {[%clk 0:03:02]} 2. Nc3 {[%clk 0:03:02]} e6
{[%clk 0:03:03]} 3. Nge2 {[%clk 0:03:01]} a6 {[%clk 0:02:58]} 4. g3
{[%clk 0:03:02]} b5 {[%clk 0:02:58]} 5. Bg2 {[%clk 0:03:03]} Bb7 {[%clk 0:02:59]}
6. O-O {[%clk 0:03:00]} Nf6 {[%clk 0:02:16]} 7. d3 {[%clk 0:03:00]} d6
{[%clk 0:02:16]} 8. f4 {[%clk 0:03:00]} Nbd7 {[%clk 0:01:59]} 9. f5
{[%clk 0:02:59]} b4 {[%clk 0:01:50]} 10. fxe6 {[%clk 0:02:59]} fxe6
{[%clk 0:01:51]} 11. Nf4 {[%clk 0:03:00]} bxc3 {[%clk 0:01:26]} 12. Nxe6
{[%clk 0:03:01]} Qc8 {[%clk 0:00:58]} 13. bxc3 {[%clk 0:02:54]} Ne5
{[%clk 0:00:57]} 14. Bh3 {[%clk 0:02:53]} Qc6 {[%clk 0:00:57]} 15. Bg5
{[%clk 0:02:33]} Ned7 {[%clk 0:00:27]} 16. Rb1 {[%clk 0:02:12]} h6
{[%clk 0:00:26]} 17. Bxf6 {[%clk 0:02:02]} Nxf6 {[%clk 0:00:25]} 18. Rxf6
{[%clk 0:02:02]} gxf6 {[%clk 0:00:23]} 19. Qh5+ {[%clk 0:02:03]} Ke7
{[%clk 0:00:22]} 20. Nf4 {[%clk 0:01:44]} Bg7 {[%clk 0:00:23]} 21. Ng6+
{[%clk 0:01:33]} Kd8 {[%clk 0:00:23]} 22. Nxh8 {[%clk 0:01:31]} Bxh8
{[%clk 0:00:24]} 23. Qxh6 {[%clk 0:01:10]} Kc7 {[%clk 0:00:22]} 24. Qh7+
{[%clk 0:01:06]} Kb8 {[%clk 0:00:23]} 25. Be6 {[%clk 0:00:50]} Qc7
{[%clk 0:00:14]} 26. Qxh8+ {[%clk 0:00:37]} Ka7 {[%clk 0:00:15]} 27. Qxf6
{[%clk 0:00:33]} Re8 {[%clk 0:00:15]} 28. Qf5 {[%clk 0:00:28]} Qg7
{[%clk 0:00:10]} 29. Bd5 {[%clk 0:00:22]} Bc8 {[%clk 0:00:08]} 30. Qf7+
{[%clk 0:00:23]} Qxf7 {[%clk 0:00:08]} 31. Bxf7 {[%clk 0:00:24]} Rf8
{[%clk 0:00:07]} 32. Bd5 {[%clk 0:00:24]} 1-0

[Event "Blitz 2018"]
[Site "Saint-Petersburg"]
[Date "2018.12.29"]
[Round "12"]
[Board "77"]
[White "Vishnu Prasanna. V (IND)"]
[Black "Zaitsev Alexander (RUS)"]
[Result "1-0"]
[LiveChessVersion "1.4.8"]
[BlackElo "2402"]
[WhiteElo "2519"]

1. e4 {[%clk 0:03:02]} e6 {[%clk 0:03:04]} 2. d4 {[%clk 0:03:02]} d5
{[%clk 0:03:05]} 3. Nc3 {[%clk 0:03:03]} Bb4 {[%clk 0:03:06]} 4. exd5
{[%clk 0:03:00]} exd5 {[%clk 0:03:08]} 5. Qf3 {[%clk 0:02:55]} Qe7+
{[%clk 0:03:00]} 6. Qe3 {[%clk 0:02:54]} Nc6 {[%clk 0:02:57]} 7. Nge2
{[%clk 0:02:54]} Bf5 {[%clk 0:02:45]} 8. Kd1 {[%clk 0:02:09]} Be6
{[%clk 0:02:30]} 9. a3 {[%clk 0:02:08]} Ba5 {[%clk 0:02:28]} 10. Nf4
{[%clk 0:01:52]} Nf6 {[%clk 0:02:23]} 11. Bb5 {[%clk 0:01:45]} O-O
{[%clk 0:02:19]} 12. Re1 {[%clk 0:01:39]} Rfe8 {[%clk 0:01:53]} 13. Nxe6
{[%clk 0:01:34]} fxe6 {[%clk 0:01:54]} 14. Bd2 {[%clk 0:01:30]} Bb6
{[%clk 0:01:49]} 15. Bxc6 {[%clk 0:01:13]} bxc6 {[%clk 0:01:50]} 16. Na4
{[%clk 0:01:09]} Qf7 {[%clk 0:01:37]} 17. f3 {[%clk 0:01:07]} e5 {[%clk 0:01:29]}
18. Nxb6 {[%clk 0:01:06]} exd4 {[%clk 0:01:30]} 19. Qxd4 {[%clk 0:01:00]} cxb6
{[%clk 0:01:30]} 20. Qd3 {[%clk 0:00:48]} Qh5 {[%clk 0:01:18]} 21. h3
{[%clk 0:00:46]} Qh4 {[%clk 0:01:20]} 22. c3 {[%clk 0:00:39]} Qf2
{[%clk 0:01:13]} 23. Kc2 {[%clk 0:00:33]} Qxg2 {[%clk 0:00:33]} 24. Rg1
{[%clk 0:00:33]} Qe2 {[%clk 0:00:28]} 25. Qd4 {[%clk 0:00:27]} Qe5
{[%clk 0:00:25]} 26. Bh6 {[%clk 0:00:15]} g6 {[%clk 0:00:17]} 27. Qd3
{[%clk 0:00:15]} Qe2+ {[%clk 0:00:16]} 28. Bd2 {[%clk 0:00:13]} Qxd3+
{[%clk 0:00:17]} 29. Kxd3 {[%clk 0:00:14]} Kf7 {[%clk 0:00:17]} 30. a4
{[%clk 0:00:14]} Re5 {[%clk 0:00:17]} 31. b4 Rae8 32. Rae1 {[%clk 0:00:08]} Rxe1
{[%clk 0:00:19]} 33. Bxe1 {[%clk 0:00:09]} Re5 {[%clk 0:00:20]} 34. Bf2
{[%clk 0:00:09]} Rf5 {[%clk 0:00:15]} 35. Ke2 {[%clk 0:00:10]} Re5+
{[%clk 0:00:13]} 36. Kd2 {[%clk 0:00:09]} Nh5 {[%clk 0:00:13]} 37. a5
{[%clk 0:00:10]} bxa5 {[%clk 0:00:14]} 38. bxa5 a6 39. Rb1 {[%clk 0:00:11]} Nf4
{[%clk 0:00:16]} 40. Be3 {[%clk 0:00:10]} Nxh3 {[%clk 0:00:09]} 41. Rb6
{[%clk 0:00:11]} h5 {[%clk 0:00:03]} 42. Rxa6 {[%clk 0:00:09]} g5
{[%clk 0:00:04]} 43. Ra7+ {[%clk 0:00:08]} Kg6 {[%clk 0:00:05]} 44. a6
{[%clk 0:00:09]} Re8 {[%clk 0:00:06]} 45. Rb7 {[%clk 0:00:09]} Ra8
{[%clk 0:00:04]} 46. a7 {[%clk 0:00:10]} d4 {[%clk 0:00:05]} 47. Bxd4
{[%clk 0:00:11]} Nf4 {[%clk 0:00:06]} 48. Rb8 {[%clk 0:00:12]} 1-0

[Event "Blitz 2018"]
[Site "Saint-Petersburg"]
[Date "2018.12.29"]
[Round "12"]
[Board "78"]
[White "Shinkevich Vitaly (RUS)"]
[Black "Tregubov Pavel V. (RUS)"]
[Result "1-0"]
[LiveChessVersion "1.4.8"]
[BlackElo "2516"]
[WhiteElo "2445"]

1. d4 Nf6 2. Nf3 {[%clk 0:03:00]} e6 {[%clk 0:02:58]} 3. c4 {[%clk 0:03:00]} Bb4+
{[%clk 0:02:59]} 4. Nbd2 {[%clk 0:03:00]} O-O {[%clk 0:02:53]} 5. a3
{[%clk 0:03:01]} Be7 {[%clk 0:02:51]} 6. e3 {[%clk 0:02:58]} c5 {[%clk 0:02:48]}
7. dxc5 {[%clk 0:02:58]} a5 {[%clk 0:02:43]} 8. b3 {[%clk 0:02:54]} Na6
{[%clk 0:02:42]} 9. Bb2 {[%clk 0:02:53]} Nxc5 {[%clk 0:02:42]} 10. Be2
{[%clk 0:02:50]} b6 {[%clk 0:02:40]} 11. O-O {[%clk 0:02:50]} Bb7
{[%clk 0:02:41]} 12. Rc1 {[%clk 0:02:37]} Rc8 {[%clk 0:02:31]} 13. Qc2
{[%clk 0:02:29]} d5 {[%clk 0:02:30]} 14. Qb1 {[%clk 0:02:25]} Qd6
{[%clk 0:01:43]} 15. Be5 {[%clk 0:02:17]} Qd7 {[%clk 0:01:43]} 16. Rfd1
{[%clk 0:02:16]} Rfd8 {[%clk 0:01:43]} 17. cxd5 {[%clk 0:01:54]} exd5
{[%clk 0:01:43]} 18. Nd4 {[%clk 0:01:49]} Nfe4 {[%clk 0:01:20]} 19. Nxe4
{[%clk 0:01:31]} Nxe4 {[%clk 0:01:20]} 20. Bb5 {[%clk 0:01:12]} Qg4
{[%clk 0:01:22]} 21. f3 {[%clk 0:01:09]} Qh5 {[%clk 0:01:20]} 22. Bc7
{[%clk 0:00:58]} Bd6 {[%clk 0:00:55]} 23. Bxd6 {[%clk 0:00:56]} Nxd6
{[%clk 0:00:56]} 24. Bf1 {[%clk 0:00:51]} Qe5 {[%clk 0:00:50]} 25. Qd3
{[%clk 0:00:49]} g6 {[%clk 0:00:46]} 26. Qd2 {[%clk 0:00:49]} Rc5
{[%clk 0:00:38]} 27. b4 {[%clk 0:00:37]} axb4 {[%clk 0:00:37]} 28. axb4
{[%clk 0:00:38]} Rcc8 {[%clk 0:00:28]} 29. Rxc8 {[%clk 0:00:32]} Rxc8
{[%clk 0:00:29]} 30. Rc1 {[%clk 0:00:31]} Nc4 {[%clk 0:00:28]} 31. Bxc4
{[%clk 0:00:32]} dxc4 {[%clk 0:00:30]} 32. Qc3 {[%clk 0:00:29]} b5
{[%clk 0:00:27]} 33. Ra1 {[%clk 0:00:26]} Re8 {[%clk 0:00:21]} 34. Ra7
{[%clk 0:00:26]} Bd5 {[%clk 0:00:11]} 35. Rd7 {[%clk 0:00:09]} Bc6
{[%clk 0:00:12]} 36. Ra7 {[%clk 0:00:08]} Bd5 {[%clk 0:00:09]} 37. Rd7
{[%clk 0:00:07]} Bc6 {[%clk 0:00:07]} 38. Ra7 {[%clk 0:00:08]} Bd5
{[%clk 0:00:07]} 39. e4 {[%clk 0:00:07]} Be6 {[%clk 0:00:06]} 40. Ra5
{[%clk 0:00:06]} Bd7 {[%clk 0:00:06]} 41. Ra7 {[%clk 0:00:04]} Rd8
{[%clk 0:00:05]} 42. Ne2 {[%clk 0:00:04]} Qe6 {[%clk 0:00:03]} 43. Qe3
{[%clk 0:00:04]} Rc8 {[%clk 0:00:03]} 44. Nc3 {[%clk 0:00:05]} Bc6
{[%clk 0:00:04]} 45. h4 {[%clk 0:00:06]} Qd6 {[%clk 0:00:05]} 46. h5
{[%clk 0:00:06]} Qxb4 {[%clk 0:00:06]} 47. h6 {[%clk 0:00:07]} Qf8
{[%clk 0:00:05]} 48. Na2 {[%clk 0:00:05]} b4 {[%clk 0:00:05]} 49. Qd4
{[%clk 0:00:05]} Qxh6 {[%clk 0:00:03]} 50. Nxb4 {[%clk 0:00:05]} Be8
{[%clk 0:00:00]} 51. Nd5 {[%clk 0:00:05]} Qc1+ {[%clk 0:00:00]} 52. Kh2
{[%clk 0:00:05]} Qh6+ {[%clk 0:00:00]} 53. Kg3 {[%clk 0:00:05]} Qg5+
{[%clk 0:00:00]} 54. Kf2 {[%clk 0:00:05]} Qh4+ {[%clk 0:00:00]} 1-0

[Event "Blitz 2018"]
[Site "Saint-Petersburg"]
[Date "2018.12.29"]
[Round "12"]
[Board "79"]
[White "Lobanov Sergei (RUS)"]
[Black "Carlsson Pontus (SWE)"]
[Result "0-1"]
[LiveChessVersion "1.4.8"]
[BlackElo "2511"]
[WhiteElo "2434"]

1. e4 {[%clk 0:03:03]} c5 {[%clk 0:03:03]} 2. Nf3 {[%clk 0:03:04]} d6
{[%clk 0:03:05]} 3. d4 {[%clk 0:03:06]} Nf6 {[%clk 0:03:06]} 4. Nc3
{[%clk 0:03:07]} cxd4 {[%clk 0:03:06]} 5. Nxd4 {[%clk 0:03:08]} g6
{[%clk 0:03:07]} 6. Be3 a6 7. Nb3 {[%clk 0:03:01]} Bg7 {[%clk 0:03:02]} 8. Qd2
{[%clk 0:02:37]} O-O {[%clk 0:02:51]} 9. Be2 {[%clk 0:02:34]} Nbd7
{[%clk 0:02:50]} 10. a4 {[%clk 0:02:32]} b6 {[%clk 0:02:49]} 11. Bh6
{[%clk 0:01:58]} Bxh6 {[%clk 0:02:45]} 12. Qxh6 {[%clk 0:01:58]} Bb7
{[%clk 0:02:46]} 13. Qe3 {[%clk 0:01:42]} Rc8 {[%clk 0:02:44]} 14. O-O
{[%clk 0:01:38]} Rc7 {[%clk 0:02:35]} 15. f4 {[%clk 0:01:30]} e5 {[%clk 0:02:20]}
16. Rad1 {[%clk 0:01:25]} Qe7 {[%clk 0:02:20]} 17. Bf3 {[%clk 0:00:54]} exf4
{[%clk 0:02:11]} 18. Qxf4 {[%clk 0:00:55]} Ne5 {[%clk 0:02:12]} 19. Be2
{[%clk 0:00:47]} Rxc3 {[%clk 0:02:07]} 20. bxc3 {[%clk 0:00:47]} Nxe4
{[%clk 0:02:06]} 21. Qe3 {[%clk 0:00:35]} Qc7 {[%clk 0:02:02]} 22. Bf3
{[%clk 0:00:23]} Nxc3 {[%clk 0:01:58]} 23. Rd4 {[%clk 0:00:16]} Nxf3+
{[%clk 0:01:48]} 24. gxf3 {[%clk 0:00:17]} Rc8 {[%clk 0:01:35]} 25. Qd3
{[%clk 0:00:17]} d5 {[%clk 0:01:27]} 26. Re1 {[%clk 0:00:17]} b5 {[%clk 0:01:25]}
27. axb5 {[%clk 0:00:12]} Nxb5 {[%clk 0:01:24]} 28. Rb4 {[%clk 0:00:07]} Qd6
{[%clk 0:01:20]} 29. Rg4 {[%clk 0:00:05]} Rc3 {[%clk 0:01:12]} 30. Re8+
{[%clk 0:00:06]} Kg7 {[%clk 0:01:13]} 31. Qe2 {[%clk 0:00:07]} d4
{[%clk 0:01:06]} 32. Qe5+ {[%clk 0:00:06]} Qxe5 {[%clk 0:01:06]} 33. Rxe5
{[%clk 0:00:07]} d3 {[%clk 0:00:57]} 34. Re7 {[%clk 0:00:06]} Bxf3
{[%clk 0:00:53]} 35. Rf4 {[%clk 0:00:06]} Bd5 {[%clk 0:00:55]} 36. Nc1
{[%clk 0:00:05]} d2 {[%clk 0:00:54]} 0-1

[Event "Blitz 2018"]
[Site "Saint-Petersburg"]
[Date "2018.12.29"]
[Round "12"]
[Board "80"]
[White "Drygalov Andrey (RUS)"]
[Black "Kabanov Nikolai (RUS)"]
[Result "1-0"]
[LiveChessVersion "1.4.8"]
[BlackElo "2311"]
[WhiteElo "2509"]

1. e4 {[%clk 0:03:03]} e5 {[%clk 0:03:02]} 2. Nf3 {[%clk 0:03:04]} d6
{[%clk 0:03:04]} 3. Bc4 {[%clk 0:03:01]} Nf6 {[%clk 0:03:04]} 4. d3
{[%clk 0:03:02]} Be7 {[%clk 0:03:04]} 5. Bb3 {[%clk 0:02:53]} O-O
{[%clk 0:03:00]} 6. O-O {[%clk 0:02:50]} a5 {[%clk 0:03:00]} 7. a3
{[%clk 0:02:46]} Nbd7 {[%clk 0:02:58]} 8. c3 {[%clk 0:02:36]} Nc5
{[%clk 0:02:44]} 9. Bc2 {[%clk 0:02:37]} a4 {[%clk 0:02:43]} 10. Re1
{[%clk 0:02:34]} Be6 {[%clk 0:02:36]} 11. Nbd2 {[%clk 0:02:35]} b5
{[%clk 0:02:18]} 12. d4 {[%clk 0:02:34]} Ncd7 {[%clk 0:02:08]} 13. h3
{[%clk 0:02:24]} exd4 {[%clk 0:01:50]} 14. Nxd4 {[%clk 0:02:19]} Qb8
{[%clk 0:01:37]} 15. Qe2 {[%clk 0:02:10]} c5 {[%clk 0:00:57]} 16. Nc6
{[%clk 0:02:10]} Qe8 {[%clk 0:00:57]} 17. Qxb5 {[%clk 0:02:10]} Ne5
{[%clk 0:00:53]} 18. Nxe7+ {[%clk 0:02:10]} Qxe7 {[%clk 0:00:54]} 19. f4
{[%clk 0:01:43]} Ng6 {[%clk 0:00:54]} 20. Qf1 {[%clk 0:01:39]} Bd7
{[%clk 0:00:42]} 21. Nc4 {[%clk 0:01:38]} Rab8 {[%clk 0:00:35]} 22. Bd3
{[%clk 0:01:27]} Bc6 {[%clk 0:00:33]} 23. e5 {[%clk 0:01:15]} dxe5
{[%clk 0:00:33]} 24. fxe5 {[%clk 0:01:16]} Nd7 {[%clk 0:00:27]} 25. Qf5
{[%clk 0:00:57]} Bxg2 {[%clk 0:00:17]} 26. Bg5 {[%clk 0:00:57]} f6
{[%clk 0:00:07]} 27. exf6 {[%clk 0:00:54]} Qf7 {[%clk 0:00:08]} 28. Nd6
{[%clk 0:00:42]} 1-0

[Event "Blitz 2018"]
[Site "Saint-Petersburg"]
[Date "2018.12.29"]
[Round "12"]
[Board "81"]
[White "Sokolov Andrei (LAT)"]
[Black "Dubrovin Robert (EST)"]
[Result "1/2-1/2"]
[LiveChessVersion "1.4.8"]
[BlackElo "2176"]
[WhiteElo "2507"]

1. d4 {[%clk 0:03:03]} Nf6 {[%clk 0:03:03]} 2. Bg5 {[%clk 0:03:04]} d5
{[%clk 0:03:04]} 3. Nd2 {[%clk 0:03:02]} c5 {[%clk 0:03:02]} 4. Bxf6
{[%clk 0:02:44]} gxf6 {[%clk 0:03:03]} 5. c3 {[%clk 0:02:37]} Nc6
{[%clk 0:03:04]} 6. e3 {[%clk 0:02:38]} e5 {[%clk 0:03:05]} 7. dxc5
{[%clk 0:02:27]} Bxc5 {[%clk 0:03:04]} 8. Nb3 {[%clk 0:02:28]} Bb6
{[%clk 0:03:00]} 9. Nf3 {[%clk 0:02:27]} Bg4 {[%clk 0:02:55]} 10. Be2
{[%clk 0:02:27]} Qd7 {[%clk 0:02:52]} 11. h3 {[%clk 0:02:15]} Be6
{[%clk 0:02:43]} 12. Qd2 {[%clk 0:02:12]} O-O-O {[%clk 0:02:41]} 13. O-O-O
{[%clk 0:02:10]} Kb8 {[%clk 0:02:37]} 14. Kb1 {[%clk 0:02:11]} a6
{[%clk 0:02:25]} 15. Ka1 {[%clk 0:02:10]} Qc7 {[%clk 0:02:14]} 16. Qc1
{[%clk 0:02:02]} Rc8 {[%clk 0:02:12]} 17. Nfd2 {[%clk 0:01:54]} Qe7
{[%clk 0:02:12]} 18. Qb1 {[%clk 0:01:44]} h5 {[%clk 0:02:12]} 19. g3
{[%clk 0:01:41]} h4 {[%clk 0:02:11]} 20. g4 {[%clk 0:01:42]} e4 {[%clk 0:01:55]}
21. Nd4 {[%clk 0:01:29]} Ne5 {[%clk 0:01:55]} 22. f4 {[%clk 0:01:24]} exf3
{[%clk 0:01:49]} 23. N2xf3 {[%clk 0:01:23]} Nc4 {[%clk 0:01:45]} 24. Bxc4
{[%clk 0:01:20]} dxc4 {[%clk 0:01:44]} 25. Rhe1 {[%clk 0:01:13]} Ka7
{[%clk 0:01:34]} 26. Nf5 {[%clk 0:01:04]} Qc5 {[%clk 0:01:11]} 27. N3d4
{[%clk 0:00:56]} Rcd8 {[%clk 0:01:10]} 28. Qc2 {[%clk 0:00:51]} Qe5
{[%clk 0:01:02]} 29. Qf2 {[%clk 0:00:47]} Bxf5 {[%clk 0:00:42]} 30. Qxf5
{[%clk 0:00:43]} Bxd4 {[%clk 0:00:40]} 31. exd4 {[%clk 0:00:44]} Qxf5
{[%clk 0:00:38]} 32. gxf5 {[%clk 0:00:45]} Rde8 {[%clk 0:00:38]} 33. Kb1
{[%clk 0:00:40]} Rhg8 {[%clk 0:00:35]} 34. Rxe8 Rxe8 35. d5 {[%clk 0:00:29]} Kb6
{[%clk 0:00:32]} 36. Rd4 {[%clk 0:00:27]} Kc5 {[%clk 0:00:24]} 37. d6
{[%clk 0:00:27]} Rd8 {[%clk 0:00:23]} 38. d7 {[%clk 0:00:28]} b5 {[%clk 0:00:23]}
39. Kc1 {[%clk 0:00:20]} Kc6 {[%clk 0:00:24]} 40. Rxh4 {[%clk 0:00:19]} Rxd7
{[%clk 0:00:25]} 41. Re4 {[%clk 0:00:14]} Rd3 {[%clk 0:00:23]} 42. Re7
{[%clk 0:00:13]} Rf3 {[%clk 0:00:21]} 43. Rxf7 {[%clk 0:00:12]} Rxf5
{[%clk 0:00:22]} 44. h4 {[%clk 0:00:12]} Kd5 {[%clk 0:00:14]} 45. h5
{[%clk 0:00:13]} Rxh5 {[%clk 0:00:10]} 46. Rxf6 {[%clk 0:00:13]} a5
{[%clk 0:00:08]} 47. a3 {[%clk 0:00:12]} Rh1+ 48. Kc2 Rh2+ {[%clk 0:00:10]} 49.
Kb1 {[%clk 0:00:15]} Kc5 {[%clk 0:00:10]} 50. Rf5+ {[%clk 0:00:15]} Kc6
{[%clk 0:00:12]} 51. a4 {[%clk 0:00:14]} b4 {[%clk 0:00:08]} 52. Rf6+
{[%clk 0:00:07]} Kc5 {[%clk 0:00:07]} 53. Rf5+ {[%clk 0:00:09]} Kc6
{[%clk 0:00:08]} 54. Rxa5 b3 55. Kc1 {[%clk 0:00:07]} Rc2+ {[%clk 0:00:10]} 56.
Kb1 {[%clk 0:00:08]} Rh2 {[%clk 0:00:11]} 57. Kc1 {[%clk 0:00:09]} Rh1+
{[%clk 0:00:11]} 58. Kd2 {[%clk 0:00:11]} Rb1 {[%clk 0:00:12]} 59. Ke3
{[%clk 0:00:11]} Rxb2 {[%clk 0:00:13]} 60. Kd4 {[%clk 0:00:12]} Ra2
{[%clk 0:00:10]} 61. Rb5 {[%clk 0:00:06]} Rxa4 {[%clk 0:00:10]} 62. Rb8
{[%clk 0:00:07]} Kc7 {[%clk 0:00:09]} 63. Rb5 {[%clk 0:00:08]} Kc6
{[%clk 0:00:10]} 64. Rb8 {[%clk 0:00:09]} Kc7 {[%clk 0:00:09]} 65. Rb5
{[%clk 0:00:10]} Kc6 {[%clk 0:00:10]} 66. Rb8 {[%clk 0:00:12]} Kc7
{[%clk 0:00:12]} 67. Ke4 Ra2 1/2-1/2

[Event "Blitz 2018"]
[Site "Saint-Petersburg"]
[Date "2018.12.29"]
[Round "12"]
[Board "82"]
[White "Makoveev Ilya (RUS)"]
[Black "Vastrukhin Oleg (RUS)"]
[Result "0-1"]
[LiveChessVersion "1.4.8"]
[BlackElo "2488"]
[WhiteElo "2243"]

1. Nf3 {[%clk 0:03:01]} g6 {[%clk 0:03:04]} 2. g3 {[%clk 0:03:02]} Bg7
{[%clk 0:03:05]} 3. Bg2 {[%clk 0:03:03]} c5 {[%clk 0:03:06]} 4. d4
{[%clk 0:02:47]} cxd4 {[%clk 0:02:59]} 5. Nxd4 {[%clk 0:02:47]} Nc6
{[%clk 0:03:01]} 6. Nb3 {[%clk 0:02:34]} Nf6 {[%clk 0:02:54]} 7. Nc3
{[%clk 0:02:33]} O-O {[%clk 0:02:50]} 8. O-O {[%clk 0:02:33]} d6 {[%clk 0:02:46]}
9. e4 {[%clk 0:02:32]} Bd7 {[%clk 0:02:41]} 10. h3 {[%clk 0:02:28]} Rc8
{[%clk 0:02:41]} 11. Be3 {[%clk 0:02:29]} a6 {[%clk 0:02:37]} 12. Qe2
{[%clk 0:02:15]} Ne5 {[%clk 0:02:32]} 13. Rad1 {[%clk 0:02:15]} b5
{[%clk 0:02:19]} 14. f4 {[%clk 0:01:42]} Nc4 {[%clk 0:02:20]} 15. Bc1
{[%clk 0:01:44]} b4 {[%clk 0:02:15]} 16. Nb1 {[%clk 0:01:42]} Bb5
{[%clk 0:01:55]} 17. Qf2 {[%clk 0:01:24]} Qb6 {[%clk 0:01:52]} 18. Nd4
{[%clk 0:01:08]} Nd7 {[%clk 0:01:50]} 19. c3 {[%clk 0:01:01]} a5 {[%clk 0:01:25]}
20. b3 {[%clk 0:00:50]} Na3 {[%clk 0:01:01]} 21. Nxb5 {[%clk 0:00:33]} Nxb5
{[%clk 0:00:56]} 22. Be3 {[%clk 0:00:20]} Qb8 {[%clk 0:00:48]} 23. c4
{[%clk 0:00:19]} Nc3 {[%clk 0:00:48]} 24. Nxc3 {[%clk 0:00:15]} bxc3
{[%clk 0:00:41]} 25. e5 {[%clk 0:00:10]} a4 {[%clk 0:00:36]} 26. Qc2
{[%clk 0:00:03]} axb3 {[%clk 0:00:35]} 27. axb3 {[%clk 0:00:04]} Nc5
{[%clk 0:00:30]} 28. Qxc3 {[%clk 0:00:05]} dxe5 {[%clk 0:00:26]} 29. fxe5
{[%clk 0:00:03]} Bxe5 30. Bd4 Bxd4+ {[%clk 0:00:21]} 31. Rxd4 {[%clk 0:00:04]}
Qxb3 {[%clk 0:00:19]} 32. Qd2 {[%clk 0:00:04]} Qb6 {[%clk 0:00:18]} 33. Kh1
{[%clk 0:00:04]} Nb3 {[%clk 0:00:19]} 0-1

[Event "Blitz 2018"]
[Site "Saint-Petersburg"]
[Date "2018.12.29"]
[Round "12"]
[Board "83"]
[White "Chen Qi B (CHN)"]
[Black "Anikonov Dmitry (RUS)"]
[Result "1-0"]
[LiveChessVersion "1.4.8"]
[BlackElo "2511"]
[WhiteElo "2416"]

1. e4 {[%clk 0:03:03]} d6 {[%clk 0:03:04]} 2. d4 {[%clk 0:03:04]} Nf6
{[%clk 0:03:05]} 3. Nc3 {[%clk 0:03:05]} e5 {[%clk 0:03:06]} 4. Nf3
{[%clk 0:03:06]} exd4 {[%clk 0:03:06]} 5. Nxd4 {[%clk 0:03:07]} Be7
{[%clk 0:03:07]} 6. g3 {[%clk 0:03:07]} d5 {[%clk 0:03:08]} 7. e5
{[%clk 0:03:05]} Ng4 {[%clk 0:03:08]} 8. Bg2 {[%clk 0:03:02]} Nxe5
{[%clk 0:03:02]} 9. Nxd5 {[%clk 0:02:45]} Bc5 {[%clk 0:03:02]} 10. Nb3
{[%clk 0:02:10]} Bd6 {[%clk 0:03:01]} 11. h3 {[%clk 0:02:05]} O-O
{[%clk 0:03:00]} 12. O-O {[%clk 0:02:05]} Nbc6 {[%clk 0:02:54]} 13. Bf4
{[%clk 0:02:02]} Be6 {[%clk 0:02:49]} 14. Re1 {[%clk 0:02:02]} Qd7
{[%clk 0:02:46]} 15. Kh2 {[%clk 0:01:58]} Rad8 {[%clk 0:02:40]} 16. Qe2
{[%clk 0:01:28]} Rfe8 {[%clk 0:02:39]} 17. Rad1 {[%clk 0:01:28]} Qc8
{[%clk 0:02:15]} 18. Qf1 {[%clk 0:01:24]} a5 {[%clk 0:02:04]} 19. c4
{[%clk 0:01:18]} a4 {[%clk 0:01:55]} 20. Nd4 {[%clk 0:01:14]} Nxd4
{[%clk 0:01:44]} 21. Rxd4 {[%clk 0:01:15]} Nc6 {[%clk 0:01:33]} 22. Rde4
{[%clk 0:01:16]} Bxd5 {[%clk 0:01:25]} 23. cxd5 {[%clk 0:01:14]} Rxe4
{[%clk 0:01:12]} 24. Rxe4 {[%clk 0:01:14]} Bxf4 {[%clk 0:00:51]} 25. dxc6
{[%clk 0:01:12]} Bd6 {[%clk 0:00:50]} 26. cxb7 {[%clk 0:01:12]} Qb8
{[%clk 0:00:51]} 27. Rxa4 {[%clk 0:01:12]} c6 {[%clk 0:00:39]} 28. Ra8
{[%clk 0:01:00]} Qc7 {[%clk 0:00:37]} 29. Qa6 {[%clk 0:00:58]} c5
{[%clk 0:00:26]} 30. Qc6 {[%clk 0:00:48]} Qe7 {[%clk 0:00:12]} 31. Rxd8+
{[%clk 0:00:47]} Qxd8 {[%clk 0:00:12]} 32. Qc8 {[%clk 0:00:46]} 1-0